000 01118nam a22002417a 4500
999 _c17424
_d17424
005 20251125232856.0
008 s2541 th tha d
020 _a9747218356
040 _aNALT
041 _atha
245 1 0 _aนิติบัญญัติ ฉบับที่ 19 : พระราชบัญญัติประกันสังคม(ฉบับที่ 2) พ.ศ.2537
260 3 _aกรุงเทพฯ
_c2541
300 _a236 หน้า :
_b ตาราง ;
_c 30 ซม.
650 0 4 _aประกันสังคม -- กฎหมายและระเบียบข้อบังคับ -- 2533
650 0 4 _aประกันสังคม (พ.ร.บ.) -- 2497
650 0 4 _aประกันสังคม (พ.ร.บ.) -- 2533
650 0 4 _aประกันสังคม (พ.ร.บ.) -- (ฉบับที่ 2) -- 2533
850 _aNALT
856 4 0 _uhttps://hdl.handle.net/20.500.14156/424141
942 _cLB
_2lcc
998 _j25
_k นีลวัสน์ อินทรักษา
090 _aKM101 ว872น 2541